Responses for Show #7206 - Monday, January 4, 2016

Alex returns to full mobility.

Contestants

[<< previous game]

Charlene Lee, a journalist from Jersey City, New Jersey

Terry McElhennon, a customer service representative from New Bern, North Carolina

Ashley Wilson, an organization development consultant from Alexandria, Virginia (whose 2-day cash winnings total $52,402)

[next game >>]

Jeopardy! Round responses

IF THEY MARRIED
STATE CAPITALS
MEDICINE
RUSSIAN RULERS
4-LETTER WORDS, SAME FIRST & LAST LETTER
EMMY: THE MEN
    $200 6
Cat Dogg

Triple Stumper
    $200 1
Dover

Ashley
    $200 16
(Ashley: What is pathogen?)

virus

AshleyTerry
    $200 19
Catherine the Great

Charlene
    $200 11
noon

Terry
    $200 26
(Kiefer) Sutherland

Ashley
    $400 7
Minnie Cooper

Ashley
    $400 2
Olympia

Ashley
    $400 17
placebo

Ashley
    $400 20
(Terry: Who is Rasputin?)

Ivan the Terrible

TerryCharlene
    $400 12
lull

Terry
    $400 27
[End-of-round signal sounds]

James Gandolfini

Terry
    $600 8
Farrah Caan

Triple Stumper
    $600 3
Columbus

Terry
    $600 18
the appendix

Charlene
    $600 21
Putin

Terry
    $600 13
chic

Charlene
    $800 9
Princess Cruz

Terry
    $800 4
(Charlene: What is Richmond?)
(Terry: What is Birmingham?)

Montgomery

AshleyTerryCharlene
    $800 22
(Alex: That's it. Less than a minute to go.)

a tuning fork

Terry
    $800 24
the Romanov

Ashley
    $800 14
maim

Ashley
    $1000 10
Whoopi Fermi

Triple Stumper
    $1,400 5
(Ashley: What is Pierre?)

Lincoln, Nebraska

Ashley
    $1000 23
a cyst

Ashley
    $1000 25
(Charlene: Who was Peter the Great?)

Boris Godunov

Charlene
Triple Stumper
    $1000 15
bulb

Terry

Scores at the first commercial break (after clue 15):

Ashley Terry Charlene
$1,200 $2,200 -$200

Scores at the end of the Jeopardy! Round:

Ashley Terry Charlene
$3,400 $3,800 $0

Double Jeopardy! Round responses

COLORULLY ALLITERATIVE
MATH WORDS
WHAT A CHARACTER!
"YU", I OUGHTA
CLASSICAL MUSIC VENUES
EMMY: THE WOMEN
    $400 6
the Green Goblin

Terry
    $400 11
a degree

Ashley
    $400 18
Bovary

Ashley
    $400 27
Yule

Ashley
    $400 1
The Phantom of the Opera

Charlene
    $400 16
soprano

Terry
    $800 7
Red Rum

Terry
    $800 12
a fraction

Ashley
    $800 19
(Terry: What is Great Expectations?)
(Charlene: What is Oliver Twist?)

David Copperfield

TerryCharlene
Triple Stumper
    $800 26
yuppies

Terry
    $800 2
(Terry: What is Moscow?)

Saint Petersburg

AshleyTerry
    $800 17
surrealism

Triple Stumper
    $1200 8
the Brown Bomber

Triple Stumper
    $1200 13
a rhombus

Terry
    $1200 20
Cyrano de Bergerac

Terry
    $1200 24
Yuban

Triple Stumper
    $1200 3
the New York Philharmonic

Charlene
    $1600 9
(Terry: What is Who's Who?)

the Blue Book

Terry
Triple Stumper
    $1600 14
the absolute value

Ashley
    $1,000 21
(Terry: What is Much Ado About Nothing?)

A Comedy of Errors

Terry
    $1600 23
the Yugo

Ashley
    $1,600 4
the Sydney Opera House

Charlene
    $2000 10
the Pink Panther

Terry
    $2000 15
additive inverse element

Triple Stumper
    $2000 22
(Alex: The author is [*] and we have less than a minute to go now, Terry.)

Sinclair Lewis

Triple Stumper
    $2000 25
the Yucatán

Terry
    $2000 5
St. Martin

Charlene
    $2000 28
(Ashley: What is the harp?)
[The end-of-round signal sounds.]

the violin

Ashley
Triple Stumper

Scores at the end of the Double Jeopardy! Round:

Ashley Terry Charlene
$7,400 $8,400 $4,400

[wagering suggestions for these scores]

Final Jeopardy! Round responses

MILESTONES IN U.S. HISTORY
CharleneWho is Ronald Reagan?
$4,300
AshleyWho is Carter?
$7,400
TerryWho is Reagan
$6,401
Ronald Reagan

Final scores:

Ashley Terry Charlene
$0 $14,801 $8,700
3rd place: $1,000 New champion: $14,801 2nd place: $2,000

Game dynamics:

Coryat scores:

Ashley Terry Charlene
$8,800 $9,400 $4,400
16 R,
3 W
(including 1 DD)
17 R,
6 W
(including 1 DD)
8 R
(including 1 DD),
3 W

Combined Coryat: $22,600

[game clues] [game scores] [suggest correction]

Game tape date: 2015-12-08
The J! Archive is created by fans, for fans. Scraping, republication, monetization, and malicious use prohibited; this site may use cookies and collect identifying information. See terms. The Jeopardy! game show and all elements thereof, including but not limited to copyright and trademark thereto, are the property of Jeopardy Productions, Inc. and are protected under law. This website is not affiliated with, sponsored by, or operated by Jeopardy Productions, Inc. Join the discussion at JBoard.tv.